000 00967nam a2200241Ia 4500
003 OSt
005 20220923212107.0
006 a|||||r|||| 00| 0
007 ta
008 220922b |||||||| |||| 00| 0 hin d
024 _a150,674
037 _cTextual
040 _aARTS
_cARTS
_bhin
041 _2hin
_ahin
082 _aJ37:7:8, 152K3
100 _aपी0 एस0 बालकृष्ण; शर्मा, चन्द्रवीर
_9162099
245 0 _aघरेलू स्तर पर फल और तरकारी परिरक्षण, रामचन्द्र भुटियानी संपा
246 _aGharelū star par fal aur tarakārī parirakṣhaṇa, rāmachandra bhuṭiyānī sanpā 0
250 _aसस्ंक0 2
260 _c1963
942 _hJ37:7:8, 152K3
_cTEXL
_2CC
999 _c306354
_d306354